| 000 | 00630cam a2200181 4500 | ||
|---|---|---|---|
| 082 |
_a355.009241 _bMEM |
||
| 100 | 1 |
_aHickey, William, _949306 |
|
| 245 | 1 | 0 |
_aMemoirs of William Hickey; _cedited by Alfred Spencer ... |
| 260 |
_aLondon, _bHurst & Blackett, ltd. _c[1919-25] |
||
| 300 |
_a4 v. _bfronts. (v. 2-4) plates, ports. _c23 cm. |
||
| 500 | _aFirst published 1913-25. | ||
| 505 | 0 | _aI. 1749-1775.--II. 1775-1782.--III. 1782-1790.--IV. 1790-1800. | |
| 526 |
_a0 _b0 _c0 _d355_009241000000000_MEM |
||
| 526 |
_a0 _b0 _c0 _d355_009241000000000_MEM |
||
| 650 |
_aMCE _9379 |
||
| 700 | 1 |
_aSpencer, Alfred, _949307 |
|
| 942 |
_2ddc _cBK |
||
| 999 |
_c552088 _d552088 |
||